Normal view
MARC view
Entry Personal Name
001 - CONTROL NUMBER
- control field: 81740
003 - CONTROL NUMBER IDENTIFIER
- control field: dpl
005 - DATE AND TIME OF LATEST TRANSACTION
- control field: 20250605155142.0
008 - FIXED-LENGTH DATA ELEMENTS
- fixed length control field: 250605|| aca||aabn | a|a d
040 ## - CATALOGING SOURCE
- Original cataloging agency: dpl
- Transcribing agency: dpl
100 ## - HEADING--PERSONAL NAME
- Personal name: Kabilan, R
670 ## - SOURCE DATA FOUND
- Source citation: Work cat.: (dpl)211631: Kabilan, R., Brahman Four Batches Admission In College and Two Batches Admission in Schools Education/, 2024
